000 00455nam a2200133Ia 4500
008 100328s9999 xx 000 0 und d
082 _b64471
100 _aकशाळीकर शां.म.
245 _aकोणाच्या खांद्यावर.
260 _bमाुश्री.
630 _aकोणाच्या खांद्यावर.
730 _aकोणाच्या खांद्यावर.
942 _cBOOK
999 _c550263
_d550260